000 00656nam a22001937a 4500
999 _c15185
_d15185
003 OSt
082 _2631.75807 ANU/DE
088 _aP 173
100 _aANU SUBRAMANIAN K
_92712
245 _aDevelopment of a tensio - emitter. A tension controlled emitter
260 _aTavanur 2007
_bKelappaji College of Agricultural Engineering and Technology
300 _a37
500 _aDevelopment of a tensio - emitter. A tension controlled emitter
520 _aDevelopment of a tensio - emitter. A tension controlled emitter
700 _aDella Thomas
_92713
700 _aSameera Abdul Salam
_92714
700 _aEr. Vishnu B (Guide)
_92141
942 _cPR